000 00636nam a2200229Ia 4500
003 OSt
005 20221007063955.0
006 a|||||r|||| 00| 0
007 ta
008 221006b |||||||| |||| 00| 0 eng d
024 _a41,639
037 _cTextual
040 _aFLL
_cFLL
_beng
041 _2eng
_aeng
082 _aX:5.1, Q1
100 _aBirkbeck C.D. Ed.
_9685037
245 0 _aMaking global trade governance work of development
260 _aCambridge
_bCambridge Uiversity Press
_c2011
300 _axxviii,682p
_ccm.
942 _hX:5.1, Q1
_cTEXL
_2CC
999 _c1132692
_d1132692